000 00722nas a2200253 i 4500
001 545
003 ES-MaACL
005 20250729062607.0
007 t|
008 950801d18401845xxk | | 1 ||ng d
022 _a9942-2859
080 _a(410)
080 _a32
245 0 4 _aThe British and foreign anti-slavery reporter
_b: under the sanction of the British and Foreign Anti-Slavery Society.
260 _aLondon :
_bLancelot Wild,
_c1840-1845.
300 _a2 v. ;
_c33 cm.
310 _aQuincenal
362 0 _a1840-1845.
650 7 _aPolĂ­tica
_2embne
_9140345
710 2 _aBritish and Foreign Anti-Slavery Society.
_92238
852 _aES-MaACL
_jHem-761
866 0 _o1841-44.
999 _c545
_d545